000 00703nam a22002177a 4500
003 UA-OsUOA
001 93896
007 ta
008 20130130b un ||||| |||| 00| 0 ukr d
090 _a811.161.2'373.7
_bВ55
942 _cBK
040 _aUA-OsUOA
_bukr
_cUA-OsUOA
_dUA-OsUOA
245 _aВіднайдений скарб української фразеології
_cупор. Завгородній Ю.
300 _a96 с.
955 _a1
041 _aukr
080 _a811.161.2'373.7
260 _aК.
_bТОВ "Задруга"
_c2007
650 7 _a8 Мовознавство. Художня література. Літературознавство
_2UDC
999 _c380139
_d380139